| 000 | 00420nam a2200169Ia 4500 | ||
|---|---|---|---|
| 008 | 131103s9999 xx 000 0 und d | ||
| 040 | _aLoreto College | ||
| 041 | _aEnglish | ||
| 082 |
_aF/SPR _bLCBED/6680 |
||
| 100 | _aSpring, Howard | ||
| 245 |
_aShabby tiger _cHoward Spring |
||
| 260 |
_aLondon _bCollins _c1971 |
||
| 300 |
_a254p. _c 18cm. |
||
| 650 | _aEnglish fiction | ||
| 850 | _aLCBED/F/SPR | ||
| 942 | _cBK | ||
| 999 |
_c33026 _d83505 |
||